Principles and practice of valuations: Land and houses (Record no. 29439)

MARC details
000 -LEADER
fixed length control field 00327nam a2200121Ia 4500
082 ## - DEWEY DECIMAL CLASSIFICATION NUMBER
Classification number 332.64
Item number PAR
100 ## - MAIN ENTRY--AUTHOR NAME
Personal name Parks, John A
245 #0 - TITLE STATEMENT
Title Principles and practice of valuations: Land and houses
250 ## - EDITION STATEMENT
Edition statement Ed.4
260 ## - PUBLICATION, DISTRIBUTION, ETC. (IMPRINT)
Place of publication Calcutta
Name of publisher Eastern Law House
Year of publication 1977
942 ## - ADDED ENTRY ELEMENTS (KOHA)
Koha item type Books
Holdings
Withdrawn status Lost status Damaged status Not for loan Home library Current library Date acquired Cost, normal purchase price Full call number Accession Number Koha item type
        RRII Library RRII Library 16/12/2021 20.00 332.64 PAR 10026 Books